Maedchenliteratur : von den moralisch-belehrenden Schriften im 18. Jahrhundert bis zur Herausbildung der Backfischliteratur im 19. Jahrhundert
Αποθηκεύτηκε σε:
| Κύριος συγγραφέας: | |
|---|---|
| Μορφή: | Βιβλίο |
| Γλώσσα: | German |
| Δημοσίευση: |
Stuttgart :
J.B. Metzlersche,
c1981
|
| Σειρά: | Germanistische Abhandlungen (Stuttgart, Germany)
; 52 |
| Θέματα: | |
| Ετικέτες: |
Προσθήκη ετικέτας
Δεν υπάρχουν, Καταχωρήστε ετικέτα πρώτοι!
|
MARC
| LEADER | 00000nam a2200000 i 4500 | ||
|---|---|---|---|
| 001 | 1/87782 | ||
| 008 | 981111s1981 ger d | ||
| 020 | |a 3-476-00486-4 | ||
| 035 | |l 10035330 | ||
| 035 | |a 1993 |b 1 |c Ζερβού | ||
| 040 | |a GR-MY-UA |b gre |e aacr | ||
| 041 | 0 | |a ger | |
| 082 | 0 | |a 809.89282 |2 (19) | |
| 100 | 1 | |a Grenz, Dagmar. | |
| 245 | 1 | 0 | |a Maedchenliteratur : |b von den moralisch-belehrenden Schriften im 18. Jahrhundert bis zur Herausbildung der Backfischliteratur im 19. Jahrhundert / |c Dagmar Grenz |
| 260 | |a Stuttgart : |b J.B. Metzlersche, |c c1981 | ||
| 300 | |a viii, 282 p.; |c 24 cm | ||
| 490 | 1 | |a Germanistische Abhandlungen (Stuttgart, Germany) |v ; 52 | |
| 500 | |a Originally presented as the author's Habilitationsschrift (Universitat Koln, 1980) | ||
| 504 | |a Βιβλιογραφία: σ. 255-277 | ||
| 504 | |a Περιέχει ευρετήριο | ||
| 650 | 0 | 0 | |a Children's literature |x History and criticism. |
| 650 | 0 | 0 | |a Girls |x Books and reading. |
| 830 | 0 | |a Germanistische Abhandlungen (Stuttgart, Germany) |v ; 52 | |
| 852 | |a INST |b RHODES |e 19981111 |h 809.89282 GRE |p 005400007734 |q 005400007734 |t BK |y 0 | ||
| 909 | |a Ρ |b 026651 |c 1993 | ||